U.S. and Canadian Cities by Pro Sports Team - Statistics

General Stats
  • This quiz has been taken 111 times
  • The average score is 13 of 15
Answer Stats
Team City % Correct
Bruins Boston
95%
Red Wings Detroit
93%
Heat Miami
93%
Broncos Denver
92%
Packers Green Bay
91%
Raptors Toronto
89%
Falcons Atlanta
87%
Flames Calgary
87%
Jaguars Jacksonville
87%
Royals Kansas City
86%
Pirates Pittsburgh
86%
Padres San Diego
85%
Kings Sacramento
84%
Pelicans New Orleans
81%
Galaxy Los Angeles
77%
No matching quizzes found
Score Distribution
Percent of People with Each Score
Percentile by Number Answered
Your Score History
You have not taken this quiz